000 01241namaa22003131i 4500
005 20260407102532.0
008 260407s1995 ua a|||frm||| 000 0 eng d
040 _aEG-GICUC
_beng
_cEG-GICUC
_dEG-GICUC
_erda
041 0 _aeng
_beng
_bara
049 _aDeposit
097 _aM.Sc
099 _aCai01.13.07.M.Sc.1995.Wa.M
100 0 _aWael Mohammed Hamza,
_epreparation.
245 1 0 _aMultirate code-Excited linear predictive coding of speech signal /
_cBy Wael Mohammed Hamza ; Supervision Dr. Amin M. Nasser, Dr. Mohsen A. Rashawn
246 1 5 _aنظام متعدد درجات الضغط ذا جودة عالية لتكويد الكلام المنطوق
264 0 _c1995.
300 _a77 Leaves
_billustrations
_c30 cm. +
336 _2rda content
_atext
337 _2rdamedia
_aUnmediated
338 _2rdacarrier
_avolume
502 _aThesis (M.Sc.)-Cairo University, 1995
504 _aBibliography: pages 86- 77
653 0 _acoding of speech signal
700 0 _aAmin M. Nasser
_eReviewer.
700 0 _aMohsen A. Rashawn
_eReviewer.
900 _DDepartment of Electronics Engineering
_FFaculty of Medicine
_UCairo University
_b1995
_cAmin M. Nasser
_cMohsen A. Rashawn
905 _aNehad
942 _2ddc
_cTH
_e21
_n0
999 _c179244